Loading...
| History - American | 0 | 4 | 0 | 2 | 40 | 45 | 80.25 | 0 | 0 | 0.00 | 0.00 |
| History - European | 0 | 5 | 2 | 2 | 40 | 44 | 89.20 | 0 | 0 | 0.00 | 0.00 |
| Literature - American | 0 | 3 | 0 | 0 | 30 | 73 | 79.00 | 0 | 0 | 0.00 | 0.00 |
| History - World | 0 | 3 | 1 | 0 | 25 | 80 | 86.00 | 0 | 0 | 0.00 | 0.00 |
| Fine Arts - Other | 0 | 2 | 0 | 1 | 20 | 72 | 85.50 | 0 | 0 | 0.00 | 0.00 |
| Geography | 0 | 2 | 0 | 2 | 20 | 105 | 113.50 | 0 | 0 | 0.00 | 0.00 |
| Religion | 0 | 2 | 0 | 1 | 20 | 93 | 102.00 | 0 | 0 | 0.00 | 0.00 |
| Literature - British | 0 | 2 | 0 | 0 | 20 | 115 | 119.50 | 0 | 0 | 0.00 | 0.00 |
| Mythology | 0 | 1 | 0 | 0 | 10 | 55 | 55.00 | 0 | 1 | 0.00 | 0.00 |
| Pop Culture | 0 | 1 | 0 | 0 | 10 | 70 | 70.00 | 0 | 0 | 0.00 | 0.00 |
| Science - Biology | 0 | 1 | 0 | 1 | 10 | 112 | 112.00 | 0 | 0 | 0.00 | 0.00 |
| Literature - European | 0 | 1 | 0 | 0 | 10 | 126 | 126.00 | 0 | 0 | 0.00 | 0.00 |
| Literature - World | 0 | 1 | 0 | 0 | 10 | 61 | 61.00 | 0 | 0 | 0.00 | 0.00 |
| Social Science | 0 | 1 | 1 | 1 | 5 | 101 | 101.00 | 0 | 0 | 0.00 | 0.00 |
| History - Other | 0 | 1 | 1 | 0 | 5 | 100 | 100.00 | 0 | 0 | 0.00 | 0.00 |
| Painting/Sculpture | 0 | 1 | 1 | 0 | 5 | 85 | 85.00 | 0 | 0 | 0.00 | 0.00 |
| Current Events | 0 | 1 | 1 | 0 | 5 | 106 | 106.00 | 0 | 0 | 0.00 | 0.00 |
| Science - Chemistry | 0 | 0 | 1 | 0 | -5 | 0.00 | 0 | 0 | 0.00 | 0.00 | |
| Fine Arts - Classical Music | 0 | 0 | 1 | 0 | -5 | 0.00 | 0 | 0 | 0.00 | 0.00 |